[Event "Thursday Knighter VII: PREMIER"]
[Site "Minneapolis, MN"]
[Date "2018.07.12"]
[Round "2.2"]
[White "Hoover, Nathan"]
[Black "Jin, Ashton"]
[Result "0-1"]
[WhiteElo "1979"]
[BlackElo "2133"]

1. e4 e5 2. Nf3 Nc6 3. Bb5 a6 4. Ba4 Nf6 5. O-O Be7 6. Re1 b5 7. Bb3 d6 8. c3
O-O 9. d4 Bg4 10. Be3 exd4 11. cxd4 Na5 12. Bc2 Nc4 13. Bc1 c5 14. b3 Nb6 15.
d5 Nfd7 16. Nbd2 Bf6 17. Rb1 Ne5 18. h3 Bh5 19. g4 Bg6 20. Nh2 Bg5 21. Ndf1
Qf6 22. Bxg5 Qxg5 23. Ne3 h5 24. Ng2 hxg4 25. hxg4 Ned7 26. f4 Qe7 27. f5 Bh7
28. Qd2 Ne5 29. g5 Rfc8 30. Qf4 c4 31. Re3 Nbd7 32. Rh3 cxb3 33. Bxb3 b4 34.
Qh4 Nf8 35. Ne3 Rc3 36. Re1 Qa7 37. Nhf1 a5 38. Ba4 Ra3 39. Bc6 Rb8 40. Re2 a4
41. Reh2 b3 42. axb3 axb3 43. Qf4 b2 44. Rxh7 Nxh7 45. Qh4 Nf3+ {#R} 0-1

[Event "Thursday Knighter VII: PREMIER"]
[Site "Minneapolis, MN"]
[Date "2018.07.12"]
[Round "2.3"]
[White "Newhall, Peter"]
[Black "Louie, Terry"]
[Result "1-0"]
[WhiteElo "1067"]
[BlackElo "1506"]

1. d4 Nf6 2. Nf3 c5 3. e3 g6 4. dxc5 Qa5+ 5. Nbd2 Qxc5 6. a3 Bg7 7. b4 Qc7 8.
Bb2 O-O 9. Be2 b6 10. O-O Bb7 11. c4 Rd8 12. Qb3 d6 13. Rfc1 Nbd7 14. Bc3 Rac8
15. Qb2 Qb8 16. a4 Qa8 17. a5 bxa5 18. Rxa5 Nb6 19. Rca1 Qb8 20. Rxa7 e5 21.
Qb3 e4 22. Nd4 Nfd7 23. Nb5 Ne5 24. Bd4 Rc6 25. c5 dxc5 26. bxc5 Rdc8 27. cxb6
Rc1+ 28. Rxc1 Rxc1+ 29. Nf1 Qc8 30. Nc7 Nf3+ 31. Kh1 Nxd4 32. exd4 Bxd4 33.
Nd5 Qb8 34. Nde3 h5 35. g3 Kg7 36. Ba6 Bxe3 37. Qxe3 Rxf1+ 38. Bxf1 {#r} 1-0

[Event "Thursday Knighter VII: PREMIER"]
[Site "Minneapolis, MN"]
[Date "2018.07.12"]
[Round "2.4"]
[White "Buyukdag, Yusuf"]
[Black "Krusack, Matthew"]
[Result "0-1"]
[WhiteElo "1102"]
[BlackElo "1924"]

1. d4 Nf6 2. c4 g6 3. Nc3 Bg7 4. Nf3 O-O 5. e4 d6 6. Be2 Nc6 7. d5 Nb4 8. O-O
a5 9. h3 h6 10. Be3 e5 11. Qc1 Kh7 12. g4 Ne8 13. Kh2 f5 14. exf5 gxf5 15. g5
f4 16. gxh6 Bxh6 17. Bd2 Bf5 18. Rg1 Qf6 19. Ne1 Qh4 20. Bg4 Bxg4 21. Rxg4
Qxf2+ 22. Rg2 Qh4 23. Qb1+ Kh8 24. Qg6 Nf6 25. Nf3 Qh5 26. Rag1 Qxg6 27. Rxg6
Kh7 28. Nh4 Nh5 29. Ne4 Rg8 30. a3 Rxg6 31. Rxg6 Nd3 32. Re6 Rg8 33. Bxa5 b6
34. Nf5 Bf8 35. Bc3 f3 36. Ne3 f2 37. Nf6+ Nxf6 38. Rxf6 Bh6 39. Ng4 Bg5 40.
Rf3 e4 41. Nf6+ Kg6 42. Nxe4 Bf4+ 43. Ng3 Kh6 44. Rxd3 Rxg3 45. Bg7+ Rxg7+
{#R} 0-1

[Event "Thursday Knighter VII: PREMIER"]
[Site "Minneapolis, MN"]
[Date "2018.07.12"]
[Round "2.5"]
[White "Boardman, Larry"]
[Black "Gisselquist, Peter"]
[Result "1-0"]
[WhiteElo "1933"]
[BlackElo "1018"]

1. e4 e5 2. Bc4 Nf6 3. d3 Nc6 4. Nf3 Bc5 5. c3 d6 6. Bg5 Qe7 7. b4 Bb6 8. a4
a6 9. O-O O-O 10. Nbd2 h6 11. Bh4 Be6 12. Re1 g5 13. Bg3 Qd7 14. Qe2 Rae8 15.
Bxe6 fxe6 16. h3 Qg7 17. b5 axb5 18. axb5 Ne7 19. Nc4 Ng6 20. Nxb6 cxb6 21.
Qe3 Nd7 22. Ra7 Nf4 23. Rxb7 Rf7 24. Ra1 Rc8 25. c4 Nc5 26. Rxf7 Qxf7 27. Bxf4
exf4 28. Qe2 e5 29. Ne1 Nb3 30. Ra3 Nd4 31. Qd1 f3 32. Nxf3 Rf8 33. Ra6 Qf4
34. Nxd4 Qxf2+ 35. Kh2 Qxd4 36. Qh5 Qe3 37. Qg6+ Kh8 38. Qxh6+ Kg8 39. Qe6+
Kh8 40. Qg4 Rf1 41. Qh5+ {#r} 1-0

[Event "Thursday Knighter VII: OPEN"]
[Site "Minneapolis, MN"]
[Date "2018.07.12"]
[Round "2.3"]
[White "Wisniewski, Vincent"]
[Black "Landman, Kevin"]
[Result "0-1"]
[WhiteElo "1432"]
[BlackElo "1506"]

1. d4 Nf6 2. c4 g6 3. Nc3 Bg7 4. e4 d6 5. Nge2 a6 6. Ng3 c6 7. Be2 b5 8. Be3
Nbd7 9. f4 O-O 10. e5 Ne8 11. O-O dxe5 12. dxe5 Nc7 13. Bf3 Bb7 14. cxb5 axb5
15. Qb3 Qc8 16. Rfd1 Rd8 17. Rac1 c5 18. Nd5 Nxd5 19. Bxd5 Bxd5 20. Qxd5 e6
21. Qb3 Rb8 22. Ne4 Bf8 23. Rxd7 Rxd7 24. Nf6+ Kg7 25. Nxd7 Qxd7 26. Rd1 Qb7
27. Qd3 Be7 28. Qc2 Qc6 29. b3 Rc8 30. Bc1 Rd8 31. Rxd8 Bxd8 32. Qd3 Be7 33.
Bb2 c4 34. bxc4 bxc4 35. Qc2 Qd5 36. Bc3 Bc5+ 37. Kf1 Be3 38. f5 gxf5 39. Qe2
Qe4 40. a4 Qb1+ 41. Qe1 Qd3+ 42. Qe2 Qxc3 43. g3 Qc1+ 44. Kg2 Qd2 45. Kf3
Qxe2+ 46. Kxe2 Bd4 47. Kd2 Bxe5 48. Kc2 f4 49. gxf4 Bxf4 50. h3 Be5 51. Kd2 f5
52. Ke3 c3 53. Kd3 f4 54. a5 f3 55. a6 f2 56. Ke2 Bd4 57. h4 c2 58. h5 c1=Q
59. h6+ Kxh6 60. Kf3 Qe3+ 61. Kg4 Be5 62. a7 Qg3# 0-1

[Event "Thursday Knighter VII: OPEN"]
[Site "Minneapolis, MN"]
[Date "2018.07.12"]
[Round "2.4"]
[White "Tykwinski, David"]
[Black "Myrin, Norman"]
[Result "1/2-1/2"]
[WhiteElo "2080"]
[BlackElo "1974"]

1. e4 e5 2. f4 d6 3. Nf3 Nd7 4. Bc4 Be7 5. O-O Ngf6 6. Ng5 O-O 7. Bxf7+ Rxf7
8. Ne6 Qe8 9. Nxc7 Qd8 10. Nxa8 b6 11. d3 Bb7 12. Nxb6 Qxb6+ 13. Kh1 d5 14.
Nc3 dxe4 15. Nxe4 Nxe4 16. dxe4 Nf6 17. fxe5 Nxe4 18. Rxf7 Kxf7 19. Qf3+ Kg8
20. Qb3+ Kf8 21. Qxb6 axb6 22. Be3 Bc5 23. Bxc5+ Nxc5 24. Kg1 Ke7 25. Rd1 Ne4
26. g3 Ke6 27. c3 Bd5 28. a3 Kxe5 29. Rd4 b5 30. Rb4 Nd6 31. Kf2 Bc6 32. Ke3
Nc4+ 33. Kd3 Be4+ 34. Ke2 Bc6 35. a4 bxa4 36. Kd3 Kd5 37. Kc2 Kc5 38. b3 axb3+
39. Kxb3 Bd5 40. Ka4 Bc6+ 41. Kb3 Bd5 {#d} 1/2-1/2

[Event "Thursday Knighter VII: PREMIER"]
[Site "Minneapolis, MN"]
[Date "2018.07.19"]
[Round "3.1"]
[White "Britt, Thomas"]
[Black "Jin, Ashton"]
[Result "1/2-1/2"]
[WhiteElo "1460"]
[BlackElo "2133"]

1. d4 Nf6 2. c4 e6 3. Nf3 d5 4. g3 dxc4 5. Qa4+ Nbd7 6. Qxc4 a6 7. Bg2 b5 8.
Qc2 Bb7 9. O-O c5 10. a4 Rc8 11. axb5 axb5 12. b3 cxd4 13. Qd3 Nc5 14. Qxb5+
Bc6 15. Qc4 Bd5 16. Qb5+ Bc6 17. Qc4 Bd5 18. Qb5+ {#d} 1/2-1/2

[Event "Thursday Knighter VII: PREMIER"]
[Site "Minneapolis, MN"]
[Date "2018.07.19"]
[Round "3.2"]
[White "Zelkind, Eduard"]
[Black "Newhall, Peter"]
[Result "1/2-1/2"]
[WhiteElo "2200"]
[BlackElo "1067"]

1. Nf3 f5 2. d4 Nf6 3. g3 e6 4. Bg2 Be7 5. c4 O-O 6. O-O d6 7. Nc3 Ne4 8. Qc2
Nxc3 9. Qxc3 a5 10. b3 Nc6 11. e3 Bf6 12. Bb2 Qe8 13. a3 e5 14. b4 Qh5 15. b5
exd4 16. exd4 Ne7 17. h3 f4 18. g4 Qg6 19. Nh2 h5 20. Qf3 hxg4 21. hxg4 Qg5
22. Rfe1 c6 23. Rad1 Bd7 24. a4 Ng6 25. Qh3 Nh4 26. Ba3 Nxg2 27. Kxg2 Rfe8 28.
Rxe8+ Rxe8 29. Bxd6 Re4 30. Qf3 Rxd4 31. Rxd4 Bxd4 32. Qxf4 Qxf4 33. Bxf4 Be6
34. Nf3 Bc3 {#d} 1/2-1/2

[Event "Thursday Knighter VII: PREMIER"]
[Site "Minneapolis, MN"]
[Date "2018.07.19"]
[Round "3.3"]
[White "Boardman, Larry"]
[Black "Hoover, Nathan"]
[Result "1-0"]
[WhiteElo "1933"]
[BlackElo "1979"]

1. e4 c5 2. Nf3 Nc6 3. d4 cxd4 4. Nxd4 Nf6 5. Nc3 e5 6. Ndb5 d6 7. Bg5 a6 8.
Na3 b5 9. Nd5 Be6 10. c3 Be7 11. Bxf6 Bxf6 12. Nc2 Bg5 13. Nce3 h5 14. h4 Bxe3
15. Nxe3 Ne7 16. Be2 g6 17. g3 Qb6 18. O-O Rd8 19. Bf3 O-O 20. Qd2 Kg7 21. a4
Qb7 22. axb5 axb5 23. Ra3 Rd7 24. Rfa1 Qb8 25. Ra6 Rfd8 26. Nd5 Bxd5 27. exd5
Rb7 28. b4 Qc8 29. Be2 Qf5 30. R1a5 Qd7 31. Qd3 Rdb8 32. Qd1 Qc7 33. Qd3 Qd7
34. Qd1 Rb6 35. Ra7 R8b7 36. Rxb7 Qxb7 37. Qd3 Qxd5 38. Rxb5 Rxb5 39. Qxb5
Qxb5 40. Bxb5 Nd5 41. Bc6 Nxc3 42. Kf1 Kf6 43. Ke1 Ke6 44. Kd2 Nd5 45. b5 Nb6
46. Kc3 d5 47. Kb4 Nd7 48. Ka5 d4 49. Ka6 Nc5+ 50. Ka7 Kd6 51. Bf3 e4 52. Bd1
Kd7 53. b6 Kc8 {#r} 1-0

[Event "Thursday Knighter VII: PREMIER"]
[Site "Minneapolis, MN"]
[Date "2018.07.19"]
[Round "3.4"]
[White "Wasserman, Eddie"]
[Black "Mulligan, Toma"]
[Result "1-0"]
[WhiteElo "1928"]
[BlackElo "2008"]

1. e4 e6 2. d4 d5 3. e5 c5 4. c3 Nc6 5. Nf3 Bd7 6. Be2 f6 7. O-O Qc7 8. Bf4
O-O-O 9. Na3 a6 10. dxc5 Nxe5 11. Nxe5 fxe5 12. Bg5 Nf6 13. b4 Re8 14. Qb3 Ne4
15. Be3 Kd8 16. Nc2 Be7 17. f3 Nf6 18. a4 Bc8 19. a5 Nd7 20. f4 Bf6 21. f5 Nb8
22. b5 Be7 23. c6 d4 24. Nxd4 Bc5 25. b6 {#r} 1-0

[Event "Thursday Knighter VII: PREMIER"]
[Site "Minneapolis, MN"]
[Date "2018.07.19"]
[Round "3.5"]
[White "Gisselquist, Peter"]
[Black "Thomson, Aaron"]
[Result "0-1"]
[WhiteElo "1018"]
[BlackElo "1528"]

1. e4 e5 2. Nf3 Nc6 3. Bb5 a6 4. Bxc6 dxc6 5. O-O f6 6. d4 exd4 7. Nxd4 Bd6 8.
Nf5 Bxf5 9. exf5 Qd7 10. Re1+ Kf8 11. Nc3 Qxf5 12. Be3 Ne7 13. Qe2 Nd5 14.
Nxd5 cxd5 15. Rad1 Kf7 16. Qd2 Rad8 17. g3 c6 18. Qa5 Qxc2 19. Rc1 Qd3 20. a4
Rhe8 21. Rcd1 Qb3 22. Bc5 Bxc5 23. Qxc5 Rxe1+ 24. Rxe1 Re8 25. Rxe8 Kxe8 26.
Qd6 Qd1+ 27. Kg2 Qxa4 28. Qe6+ Kf8 29. f3 Qb4 30. Qf5 h6 31. h4 Qe7 32. h5 d4
33. Qh7 Qe2+ 34. Kh3 d3 35. Qh8+ Kf7 36. Qd8 d2 37. Qd7+ Kf8 38. Qd8+ Qe8 39.
Qd6+ Kg8 40. Qxd2 Qxh5+ 41. Kg2 Qd5 42. Qf4 Qe5 43. Qc4+ Qd5 44. Qf4 c5 45.
Qb8+ Kh7 46. Qf4 Qe5 47. Qc4 Qxb2+ 48. Kh3 Qd4 49. Qc2+ Kh8 50. Qb3 b5 51. Qe6
Qe5 52. Qc8+ Kh7 53. f4 Qd5 54. f5 h5 55. g4 Qf3+ 56. Kh2 hxg4 57. Qe6 g3+ 58.
Kh3 g2+ 59. Kh4 Qf4+ 60. Kh3 Qg5 61. Qc8 g1=N+ 62. Kh2 Nf3+ 63. Kh3 Qh4+ 64.
Kg2 Ne5 65. Qe6 Qg4+ 66. Kh1 Qe4+ 67. Kg1 Nf3+ 68. Kf2 Qxe6 69. fxe6 Kg8 {#R}
0-1

[Event "Thursday Knighter VII: OPEN"]
[Site "Minneapolis, MN"]
[Date "2018.07.19"]
[Round "3.3"]
[White "Landman, Kevin"]
[Black "Heinisch, Steven"]
[Result "1-0"]
[WhiteElo "1506"]
[BlackElo "1300"]

1. d4 d5 2. c4 e6 3. Nc3 Nf6 4. Bg5 Be7 5. e3 h6 6. Bh4 O-O 7. Qc2 Nbd7 8.
cxd5 exd5 9. Bd3 c6 10. Nge2 Qc7 11. Bg3 Bd6 12. O-O Re8 13. Nb5 cxb5 14. Qxc7
Bxc7 15. Bxc7 a6 16. Rfc1 Nf8 17. Be5 N8d7 18. Bf4 Nh5 19. Rc7 Nxf4 20. Nxf4
Nf6 21. Rac1 Rb8 22. R1c5 Be6 23. Be2 Rbc8 24. Nxe6 Rxc7 25. Nxc7 Rc8 26. Nxd5
{#r} 1-0

[Event "Thursday Knighter VII: OPEN"]
[Site "Minneapolis, MN"]
[Date "2018.07.19"]
[Round "3.4"]
[White "Baker, John"]
[Black "Juntunen, Steven"]
[Result "1-0"]
[WhiteElo "1839"]
[BlackElo "2133"]

1. e4 e5 2. Bc4 Nf6 3. d3 Bc5 4. Nc3 d6 5. f4 Nc6 6. Nf3 O-O 7. Na4 Bb4+ 8. c3
Ba5 9. b4 Bb6 10. Nxb6 axb6 11. O-O Ne7 12. fxe5 dxe5 13. Nxe5 c5 14. bxc5
bxc5 15. Bg5 Qd6 16. Bf4 Qd8 17. Qb3 Qe8 18. Bg5 Nc6 19. Bxf6 Nxe5 20. Bxe5
Qxe5 21. Rxf7 Rxf7 22. Bxf7+ Kh8 23. Rf1 Bg4 24. Qxb7 Rb8 25. Bc4 Be2 26. Rf5
Qe8 27. Qf7 Rb1+ 28. Kf2 Qxf7 29. Rxf7 Rf1+ 30. Kxe2 Rxf7 31. Bxf7 g6 32. a4
{#r} 1-0

[Event "Thursday Knighter VII: OPEN"]
[Site "Minneapolis, MN"]
[Date "2018.07.19"]
[Round "3.6"]
[White "Myrin, Norman"]
[Black "Behnke, Diego"]
[Result "1-0"]
[WhiteElo "1974"]
[BlackElo "1033"]

1. d4 d5 2. e3 c5 3. c3 Nc6 4. f4 Nf6 5. Bd3 e6 6. Nd2 Qc7 7. Ngf3 Bd6 8. Ne5
O-O 9. O-O cxd4 10. exd4 a5 11. a4 Re8 12. Qe2 Nd7 13. Bxh7+ Kf8 14. Bd3 f6
15. Ng6+ Kg8 16. Qh5 Nf8 17. Nxf8 Kxf8 18. Bg6 {#r} 1-0

[Event "Thursday Knighter VII: PREMIER"]
[Site "Minneapolis, MN"]
[Date "2018.07.26"]
[Round "4.1"]
[White "Jin, Ashton"]
[Black "Wasserman, Eddie"]
[Result "1/2-1/2"]
[WhiteElo "2133"]
[BlackElo "1928"]

1. d4 Nf6 2. c4 e6 3. g3 d5 4. Nf3 Be7 5. Bg2 O-O 6. O-O dxc4 7. Qc2 b6 8. Ne5
Qxd4 9. Bxa8 Qxe5 10. Bf3 Nd5 11. Qxc4 Bf6 12. Rd1 c5 13. e4 Ba6 14. Qb3 c4
15. Qa4 b5 16. Qa5 Nc7 17. Bf4 Qxb2 18. Bxc7 Qxa1 19. Bxb8 c3 20. Nxc3 Qxc3
21. Qxc3 Bxc3 22. Bxa7 Bf6 23. Rd6 Bc8 24. Be2 b4 25. Bd4 Be7 26. Rb6 Rd8 27.
Be3 e5 28. f3 Be6 29. Ra6 h6 30. Kf2 Rc8 31. Bd3 Bc4 32. Bxc4 Rxc4 33. Ra8+
Kh7 34. Ra5 Rc2+ 35. Kg1 f6 36. h4 Rc3 37. Kf2 Rc2+ 38. Kf1 h5 39. Ra7 Bf8 40.
Ra8 Bd6 41. Ra6 Be7 42. Ra7 Bd6 {#d} 1/2-1/2

[Event "Thursday Knighter VII: PREMIER"]
[Site "Minneapolis, MN"]
[Date "2018.07.26"]
[Round "4.2"]
[White "Britt, Thomas"]
[Black "Zelkind, Eduard"]
[Result "1-0"]
[WhiteElo "1460"]
[BlackElo "2200"]

1. d4 Nf6 2. c4 e6 3. Nf3 d5 4. g3 Be7 5. Bg2 O-O 6. O-O dxc4 7. Qc2 Nbd7 8.
Qxc4 c5 9. dxc5 Bxc5 10. Nc3 Qe7 11. Rd1 a6 12. Qh4 Re8 13. Nd4 Nf8 14. Nb3
Ba7 15. Bg5 h6 16. Bxf6 Qxf6 17. Qxf6 gxf6 18. Ne4 Kg7 19. Nd6 Re7 20. Rac1
Bd7 21. Rc7 Rb8 22. Rxb7 Rxb7 23. Bxb7 Bb5 24. Nxb5 axb5 25. Ba6 b4 26. Rd6
Rd7 27. Rxd7 Nxd7 28. Bb5 Nc5 29. Nc1 f5 30. e3 Kf6 31. Kf1 Ke5 32. Ke2 f6 33.
Bc4 Kd6 34. f3 e5 35. Bd3 e4 36. Bc2 Ke5 37. Kf2 Ke6 38. Ne2 Kf7 39. Nf4 Nd7
40. Bb3+ Kg7 41. Be6 Ne5 42. fxe4 Ng4+ 43. Ke2 Nxe3 44. exf5 Kf8 45. Nd3 Nc2
46. Kf3 Nd4+ 47. Ke4 Nxe6 48. fxe6 {#r} 1-0

[Event "Thursday Knighter VII: PREMIER"]
[Site "Minneapolis, MN"]
[Date "2018.07.26"]
[Round "4.3"]
[White "Mulligan, Toma"]
[Black "Boardman, Larry"]
[Result "1/2-1/2"]
[WhiteElo "2008"]
[BlackElo "1933"]

1. d4 d5 2. c4 e6 3. Nf3 c5 4. cxd5 exd5 5. dxc5 Bxc5 6. e3 Nf6 7. Nc3 O-O 8.
Qc2 Nc6 9. Be2 d4 10. exd4 Nxd4 11. Nxd4 Bxd4 12. O-O Qb6 13. Na4 Qa5 14. Bd2
Bf5 15. Qd1 Qd8 16. Bb4 Re8 17. Bc3 Be5 18. Bxe5 Rxe5 19. Nc3 Qe7 20. Bf3 Re8
21. Qa4 b6 22. Rad1 h6 23. h3 Be6 24. Qd4 Bc8 25. Qd6 {#d} 1/2-1/2

[Event "Thursday Knighter VII: PREMIER"]
[Site "Minneapolis, MN"]
[Date "2018.07.26"]
[Round "4.4"]
[White "Hoover, Nathan"]
[Black "Gisselquist, Peter"]
[Result "1-0"]
[WhiteElo "1979"]
[BlackElo "1018"]

1. e4 e5 2. Nf3 Nc6 3. Bb5 a6 4. Ba4 Nf6 5. O-O b5 6. Bb3 Bb7 7. Re1 Bc5 8. c3
d6 9. d4 Bb6 10. d5 Ne7 11. Nbd2 Ng6 12. Nf1 Ng4 13. Re2 Nh4 14. Ne1 Qf6 15.
Nd3 Qg6 16. Ng3 h5 17. Qf1 O-O-O 18. a4 f5 19. exf5 Nxf5 20. Ne4 Ne7 21. axb5
axb5 22. Nb4 c5 23. dxc6 Nxc6 24. Nd5 Bc5 25. h3 Nf6 26. Nexf6 gxf6 27. Be3
Bxe3 28. Rxe3 f5 29. Qxb5 f4 30. Ree1 Kb8 31. Ra6 f3 32. g3 Qf5 33. Rea1 {#r}
1-0

[Event "Thursday Knighter VII: OPEN"]
[Site "Minneapolis, MN"]
[Date "2018.07.26"]
[Round "4.1"]
[White "Landman, Kevin"]
[Black "Melander, Robert"]
[Result "0-1"]
[WhiteElo "1506"]
[BlackElo "1541"]

1. d4 Nf6 2. c4 g6 3. Nc3 Bg7 4. e4 d6 5. f3 O-O 6. Be3 e5 7. d5 Ne8 8. Qd2 f5
9. exf5 Bxf5 10. g4 Bd7 11. h4 h5 12. gxh5 gxh5 13. Bd3 Bf5 14. Bg5 Qd7 15.
Ne4 Na6 16. O-O-O Nc5 17. Nxc5 dxc5 18. Ne2 Nd6 19. Ng3 Bxd3 20. Qxd3 Qf7 21.
Rhf1 Rae8 22. Ne4 b6 23. Ng3 Nf5 24. Nxf5 Qxf5 25. Qe4 Qh3 26. Qe2 Rf7 27. f4
Ref8 28. Rd3 Qg4 29. Rdf3 exf4 30. Qe6 Bd4 31. Qxg4 hxg4 32. Rxf4 Be3+ {#R}
0-1

[Event "Thursday Knighter VII: OPEN"]
[Site "Minneapolis, MN"]
[Date "2018.07.26"]
[Round "4.3"]
[White "Myrin, Norman"]
[Black "Lothrop, Jack"]
[Result "1-0"]
[WhiteElo "1974"]
[BlackElo "1506"]

1. d4 Nf6 2. e3 g6 3. Bd3 Bg7 4. Nd2 O-O 5. c3 b6 6. f4 Bb7 7. Ngf3 d6 8. O-O
Nbd7 9. Qe2 e5 10. fxe5 dxe5 11. Ng5 h6 12. Nge4 exd4 13. Nxf6+ Nxf6 14. exd4
Re8 15. Qd1 c5 16. Nb3 Qd5 17. Qf3 Qd7 18. Bb5 Qc8 19. Qf2 Re7 20. dxc5 Ng4
21. Qg3 bxc5 22. h3 Nf6 23. Bxh6 Nh5 24. Qg5 Re5 25. Qd2 c4 26. Bxg7 Kxg7 27.
Qd4 Qc7 28. Rae1 f6 29. Rxe5 fxe5 30. Qxc4 Qb6+ 31. Kh2 Nf4 32. Qc5 Nxg2 33.
Qe7+ Kh6 34. Qxe5 Rd8 35. Rf6 Qe3 36. Qxe3+ Nxe3 37. Nd4 Nd1 38. Bd3 Nxb2 39.
Rxg6+ Kh5 40. Rg7 Bd5 41. Be2+ {#r} 1-0

[Event "Thursday Knighter VII: OPEN"]
[Site "Minneapolis, MN"]
[Date "2018.07.26"]
[Round "4.6"]
[White "Juntunen, Steven"]
[Black "Wisniewski, Vincent"]
[Result "1-0"]
[WhiteElo "2133"]
[BlackElo "1432"]

1. e4 Nf6 2. e5 Nd5 3. d4 d6 4. Nf3 Nc6 5. c4 Nb6 6. exd6 exd6 7. a4 Bf5 8.
Be2 Nb4 9. Na3 a5 10. Bd2 Qe7 11. Bxb4 axb4 12. Nc2 d5 13. c5 Bxc2 14. Qxc2
Nc4 15. O-O Qd7 16. Bxc4 dxc4 17. Qxc4 O-O-O 18. Qxb4 f6 19. Qb5 g6 20. Qxd7+
Rxd7 21. a5 Kb8 22. b4 b6 23. axb6 cxb6 24. Ra6 bxc5 25. bxc5 Be7 26. Rb1+ Rb7
27. Rab6 Rxb6 28. Rxb6+ Kc7 29. Kf1 Ra8 30. Ke2 Ra2+ 31. Nd2 f5 32. Kd3 Bg5
33. Nc4 Rxf2 34. Rb2 Rf1 35. Ne3 Ra1 36. Nd5+ Kc8 37. Nb6+ Kd8 38. Nc4 Rd1+
39. Nd2 Kc7 40. Ke2 Rc1 41. Nf3 Bf6 42. Kd2 Rxc5 43. dxc5 Bxb2 44. Kd3 Kc6 45.
Kc4 Bf6 46. Nd4+ Kd7 47. Kd5 Be7 48. c6+ Kc8 49. Nb5 Bg5 50. g3 Be3 51. Kd6 f4
52. c7 f3 53. Kc6 Bc5 54. Kxc5 Kd7 55. c8=Q+ Kxc8 56. Nd6+ Kd7 57. Ne4 Ke6 58.
Kd4 Kf5 59. Ke3 g5 60. Kxf3 h6 61. g4+ Ke5 62. h3 Ke6 63. Ng3 Kf6 64. Nf5 Kg6
65. Ke4 h5 66. Ke5 hxg4 67. hxg4 Kf7 68. Ng3 Kg6 69. Nh5 Kh7 70. Kf5 Kh6 71.
Nf6 Kg7 72. Kxg5 Kh8 73. Ne8 Kh7 74. Kf6 Kh6 75. g5+ Kh7 76. g6+ Kh8 77. Ng7
Kg8 78. Nf5 Kh8 79. g7+ Kh7 80. Ne7 Kh6 81. g8=Q Kh5 82. Qg5# 1-0

[Event "Exerciser Quad 8: SECTION 1 (2021)"]
[Site "Minneapolis, MN"]
[Date "2018.07.28"]
[Round "1.1"]
[White "Hoover, Nathan"]
[Black "Zagar, Dane"]
[Result "1-0"]
[WhiteElo "2161"]
[BlackElo "1983"]

1. e4 c5 2. Nf3 d6 3. d4 cxd4 4. Nxd4 Nf6 5. Nc3 a6 6. Bc4 e6 7. O-O Be7 8.
Bb3 O-O 9. Re1 b5 10. f4 b4 11. Na4 e5 12. Nf5 Nc6 13. Nxe7+ Qxe7 14. f5 Nd4
15. Bc4 Qc7 16. b3 Bd7 17. c3 Nxf5 18. exf5 Bxa4 19. Bg5 bxc3 20. Bxf6 gxf6
21. Re4 Bd7 22. Qh5 Qc8 23. Rg4+ Kh8 24. Qh6 {#r} 1-0

[Event "Exerciser Quad 8: SECTION 1 (2021)"]
[Site "Minneapolis, MN"]
[Date "2018.07.28"]
[Round "2.1"]
[White "Wasserman, Eddie"]
[Black "Hoover, Nathan"]
[Result "1/2-1/2"]
[WhiteElo "1950"]
[BlackElo "2161"]

1. Nc3 e5 2. Nf3 Nc6 3. d4 exd4 4. Nxd4 Nf6 5. Bg5 h6 6. Bh4 Bb4 7. Nxc6 Bxc3+
8. bxc3 bxc6 9. Qd4 g5 10. Bg3 d6 11. e4 Qe7 12. Bd3 c5 13. Qe3 Bb7 14. O-O c4
15. Bxc4 Qxe4 16. Bb5+ Kf8 17. Qxe4 Nxe4 18. c4 a6 19. Bd7 Nd2 20. Rfe1 Nxc4
21. Re2 Rd8 22. Bf5 Kg7 23. Re7 Kf6 24. Rxc7 Bd5 25. Bd3 Rc8 26. Rxc8 Rxc8 27.
Re1 Ne5 28. Bxe5+ dxe5 29. f3 Bxa2 30. Ra1 Bc4 31. Bxc4 Rxc4 32. Rxa6+ Kf5 33.
Ra2 e4 34. Kf2 exf3 35. Kxf3 h5 36. Ke3 Rg4 37. c3 h4 38. Kd3 Ke5 39. h3 Rg3+
40. Kc4 f5 41. Kb4 g4 42. hxg4 fxg4 43. c4 h3 44. gxh3 gxh3 45. Rh2 Kd6 46.
Kb5 Rg5+ 47. Kb6 Rh5 48. c5+ Rxc5 49. Rxh3 Re5 {#d} 1/2-1/2

[Event "Exerciser Quad 8: SECTION 1 (2021)"]
[Site "Minneapolis, MN"]
[Date "2018.07.28"]
[Round "3.1"]
[White "Hoover, Nathan"]
[Black "Voje, Daniel"]
[Result "1-0"]
[WhiteElo "2161"]
[BlackElo "1988"]

1. e4 c6 2. d4 d5 3. e5 Bf5 4. Nc3 h5 5. Nf3 e6 6. Bg5 f6 7. exf6 gxf6 8. Be3
Bg6 9. Bd3 Bf7 10. Nh4 Ne7 11. f4 Qc7 12. Qf3 Nd7 13. O-O-O f5 14. Kb1 Nf6 15.
Ne2 Ne4 16. h3 Rg8 17. c4 Nc8 18. cxd5 cxd5 19. Rc1 Qb6 20. Rc2 Be7 21. Bf2
Ncd6 22. Rhc1 Kd7 23. Be1 Rac8 24. Qf1 Bxh4 25. Bxh4 Nc4 26. Bxc4 dxc4 27. Be1
Qa6 28. Ng1 b5 29. Nf3 Qd6 30. Rd1 Ke8 31. Ne5 Rc7 32. Qf3 a6 33. a3 Qd5 34.
Ka1 Nf6 35. Qf1 Bg6 36. Bh4 Ne4 37. Qe1 Kf8 38. Qa5 Qb7 39. Bd8 Rc8 40. Qb6
Qxb6 41. Bxb6 Be8 42. d5 exd5 43. Rxd5 Rg3 44. Nf3 Rc6 45. Bd4 Bg6 46. Rd7 Re6
47. Be5 Nc5 48. Ra7 Nd3 49. Rd2 Rc6 50. Nd4 Rc8 51. Ne6+ Ke8 52. Bd6 {#r} 1-0

[Event "Exerciser Quad 8: SECTION 2 (1730)"]
[Site "Minneapolis, MN"]
[Date "2018.07.28"]
[Round "1.2"]
[White "Humphreys, Terry"]
[Black "Deutsch, Daniel"]
[Result "1/2-1/2"]
[WhiteElo "1700"]
[BlackElo "1718"]

1. d4 f5 2. c4 e6 3. Nc3 Nf6 4. g3 d6 5. Bg2 Be7 6. Bg5 O-O 7. e3 Qe8 8. Nh3
Kh8 9. Qe2 a6 10. O-O Qg6 11. Rad1 Nc6 12. Bxf6 Bxf6 13. Nf4 Qf7 14. d5 Nd8
15. dxe6 Bxe6 16. Ncd5 Bc8 17. Nxf6 Qxf6 18. Nd5 Qf7 19. Nf4 Rb8 20. b4 Ne6
21. Nxe6 Bxe6 22. Bd5 {#d} 1/2-1/2

[Event "Exerciser Quad 8: SECTION 2 (1730)"]
[Site "Minneapolis, MN"]
[Date "2018.07.28"]
[Round "2.1"]
[White "Deutsch, Daniel"]
[Black "Sponheim, Luke"]
[Result "1/2-1/2"]
[WhiteElo "1718"]
[BlackElo "1649"]

1. e4 c5 2. Nf3 d6 3. d4 cxd4 4. Nxd4 Nf6 5. Nc3 a6 6. Be2 e5 7. Nb3 Be7 8.
Be3 Be6 9. Qd2 Nbd7 10. f3 Nb6 11. Rd1 Qc7 12. O-O Rc8 13. Kh1 Bc4 14. Bxb6
Qxb6 15. Bxc4 Rxc4 16. Qe2 Qc7 17. Rd2 O-O 18. Rfd1 b5 19. a3 Rb8 20. Ra1 Rc8
21. Qd3 Rd8 22. Rad1 Rc8 {#d} 1/2-1/2

[Event "Exerciser Quad 8: SECTION 2 (1730)"]
[Site "Minneapolis, MN"]
[Date "2018.07.28"]
[Round "3.2"]
[White "Gisselquist, Peter"]
[Black "Deutsch, Daniel"]
[Result "1-0"]
[WhiteElo "1852"]
[BlackElo "1718"]

1. e4 d6 2. d4 Nf6 3. Nc3 Nbd7 4. Nf3 e5 5. Bc4 Be7 6. Ng5 O-O 7. Bxf7+ Rxf7
8. Ne6 Qe8 9. Nxc7 Qd8 10. Nxa8 a6 11. dxe5 dxe5 12. Be3 b5 13. Nd5 Bb7 14.
Nab6 Nxe4 15. Nxd7 Qxd7 16. Nxe7+ Qxe7 17. O-O Qh4 18. Qe2 Ng5 19. Bxg5 Qxg5
20. f3 Rf6 21. Rad1 Rh6 22. Qd3 Qh5 23. Qd8+ Kf7 24. Rd7+ {#r} 1-0

[Event "Thursday Knighter VIII: PREMIER"]
[Site "Minneapolis, MN"]
[Date "2018.08.02"]
[Round "1.1"]
[White "Britt, Thomas"]
[Black "Voje, Daniel"]
[Result "1-0"]
[WhiteElo "1460"]
[BlackElo "1638"]

1. d4 f5 2. g3 Nf6 3. Bg2 g6 4. Nf3 Bg7 5. O-O O-O 6. Nbd2 d6 7. b3 c5 8. e3
Nc6 9. Bb2 Qc7 10. Qe2 b6 11. Ng5 e6 12. c3 a5 13. Rfd1 Bh6 14. h4 d5 15. dxc5
bxc5 16. c4 Bxg5 17. hxg5 Ne4 18. cxd5 Ba6 19. Qe1 exd5 20. Nxe4 dxe4 21. Qc3
Rac8 22. Bh3 Bd3 23. Qh8+ Kf7 24. Qxh7+ Ke8 25. Qxg6+ Qf7 26. Bxf5 {#r} 1-0